Catálogo
 En Linea

Cuentos premiados 1983. (Registro nro. 38987)

Detalles MARC
000 -CABECERA
campo de control de longitud fija 01513nam a2200289 a 4500
001 - NÚMERO DE CONTROL
campo de control 000039497
003 - IDENTIFICADOR DEL NÚMERO DE CONTROL
campo de control OSt
005 - FECHA Y HORA DE LA ÚLTIMA TRANSACCIÓN
campo de control 20240412074300.0
007 - CAMPO FIJO DE DESCRIPCIÓN FÍSICA--INFORMACIÓN GENERAL
campo de control de longitud fija ta
008 - DATOS DE LONGITUD FIJA--INFORMACIÓN GENERAL
campo de control de longitud fija 100329s1983 dr ac 000 e spa d
040 ## - FUENTE DE LA CATALOGACIÓN
Centro catalogador/agencia de origen DO-SdBNP
Lengua de catalogación spa
Centro/agencia transcriptor BNPHU
082 #4 - NÚMERO DE LA CLASIFICACIÓN DECIMAL DEWEY
Número de clasificación RD863.4408
Número de documento/Ítem P925c 1983
Número de edición 22
111 2# - ENTRADA PRINCIPAL--NOMBRE DE CONGRESO/REUNIÓN
Nombre de congreso/reunión o jurisdicción como elemento de entrada Premio Casa de Teatro
Número del congreso/reunión o número de parte o sección (7. :
Fecha del congreso/reunión 1983 :
Sede del congreso/Lugar de la reunión Santo Domingo)
9 (RLIN) 65682
245 10 - MENCIÓN DE TÍTULO
Título Cuentos premiados 1983.
260 ## - PUBLICACIÓN, DISTRIBUCIÓN, ETC.
Lugar de publicación, distribución, etc. Santo Domingo :
Nombre del editor, distribuidor, etc. Casa de Teatro ;
-- E. León Jimenes,
Fecha de publicación, distribución, etc. 1983.
300 ## - DESCRIPCIÓN FÍSICA
Extensión 109 p. :
Otras características físicas il., retrs. ;
Dimensiones 21 cm.
500 ## - NOTA GENERAL
Nota general Recopilación de los trabajos galardonados por el VII premio Casa de Teatro."
505 0# - NOTA DE CONTENIDO CON FORMATO
Nota de contenido con formato Mensiones honoríficas --
Título Estabas previstos /
Mención de responsabilidad Rael García R. --
Título Sucede siempre /
Mención de responsabilidad Rael García R. --
Título Urchin y los jevitos /
Mención de responsabilidad Marino Castillo Lacay --
Título Oficio de ocioso /
Mención de responsabilidad José Enrique García --
Título Cuando vuelan las mariposas /
Mención de responsabilidad Ramón Tejera Read --
Título Por debajo de la noche /
Mención de responsabilidad Pedro Peix --
Título Sonata para gato, Tambor y piano /
Mención de responsabilidad José Bobadilla --
Título Paraheri /
Mención de responsabilidad María C. Vicente Yepes --
Título Viaje alrededor y dentro de mi mismo /
Mención de responsabilidad Fernando Valerio Holguín --
Título El tacto y la sierpe /
Mención de responsabilidad Reynaldo Disla.
586 ## - NOTA DE PREMIOS
Nota de premios Premios del VII Concurso de Cuentos de Casa de Teatro
590 ## - NOTA LOCAL (RLIN)
Nota local Inventariado, 2020/VM
650 #4 - PUNTO DE ACCESO ADICIONAL DE MATERIA--TÉRMINO DE MATERIA
Término de materia o nombre geográfico como elemento de entrada Cuentos dominicanos
Subdivisión de forma Colecciones
9 (RLIN) 146
650 #0 - PUNTO DE ACCESO ADICIONAL DE MATERIA--TÉRMINO DE MATERIA
Término de materia o nombre geográfico como elemento de entrada Literatura dominicana.
9 (RLIN) 67
650 #4 - PUNTO DE ACCESO ADICIONAL DE MATERIA--TÉRMINO DE MATERIA
Término de materia o nombre geográfico como elemento de entrada Certámenes literarios
9 (RLIN) 65683
710 2# - PUNTO DE ACCESO ADICIONAL--NOMBRE DE ENTIDAD CORPORATIVA
Nombre de entidad corporativa o nombre de jurisdicción como elemento de entrada Casa de Teatro (República Dominicana)
9 (RLIN) 26649
910 ## - DATOS DE OPCIÓN DEL USUARIO (OCLC)
Datos de opción del usuario Validado. Control de calidad MFF
942 ## - ELEMENTOS DE PUNTO DE ACCESO ADICIONAL (KOHA)
Fuente del sistema de clasificación o colocación Dewey Decimal Classification
Tipo de ítem Koha Libro
Existencias
Estado de retiro Estado de pérdida Fuente del sistema de clasificación o colocación Restricciones de uso No para préstamo Código de colección Localización permanente Ubicación/localización actual Ubicación en estantería Fecha de adquisición Signatura topográfica completa Código de barras Fecha visto por última vez Precio válido a partir de Tipo de ítem Koha
    Dewey Decimal Classification Préstamo restringido   Patrimonio Dominicano Biblioteca Nacional Pedro Henríquez Ureña Biblioteca Nacional Pedro Henríquez Ureña Depósito 03.07.2013 BNPHU PD RD863.4408 P925c1983 39497-10 25.06.2020 25.06.2020 Libro

Con tecnología Koha